| 000 | 00000nam##2200000za#4500 |
| 001 | 9.577533 |
| 003 | CaOODSP |
| 005 | 20210624185645 |
| 007 | cr ||||||||||| |
| 008 | 150406|1980||||xxc|||||o f|0| 0 eng|d |
| 022 | |a1488-5379 |
| 040 | |aCaOODSP|beng |
| 043 | |an-cn--- |
| 086 | 1 |aFs97-6/954E-PDF |
| 110 | 1 |aCanada. |bDepartment of Fisheries and Oceans. |
| 245 | 10|aProceedings of the Workshop on the Relationship between Sea Urchin Grazing and Commercial Plant/Animal Harvesting / |h[electronic resource]|cby J.D. Pringle, G.J. Sharp, and J.F. Caddy. |
| 260 | |aHalifax - Nova Scotia : |bFisheries and Oceans Canada |c1980. |
| 300 | |a278p.|bfigs., references, tables |
| 490 | 1 |aCanadian technical report of fisheries and aquatic sciences|x1488-5379|vNo. 954 |
| 500 | |aOn t.p.: Resource Branch, Invertebrates and Marine Plants Division, Halifax, Nova Scotia. The catalogue number and ISSN for the print edition appear in the PDF version. |
| 546 | |a(Résumé en français) |
| 590 | |a13-24-Supp|b2013-10-18 |
| 720 | 1 |aPringle, J. D. |
| 720 | 1 |aSharp, G. |
| 720 | 1 |aCaddy, J. F. |
| 830 | #0|aCanadian technical report of fisheries and aquatic sciences,|x1488-5379|vNo. 954|w(CaOODSP)9.504449 |
| 856 | 40|ahttp://publications.gc.ca|qPDF|s39,265 KB|uhttps://publications.gc.ca/collections/collection_2013/mpo-dfo/Fs97-6-954-eng.pdf|yNo. 954 |